[Event "Yvelines-ch"]
[Site "Fontenay le Fleury"]
[Date "2012.02.18"]
[Round "2"]
[White "Girod, Yves"]
[Black "Mottet, Andre"]
[Result "1-0"]
[WhiteElo "1700"]
[BlackElo "1560"]
[PlyCount "124"]
[EventDate "2012.02.18"]
[EventType "swiss"]
[EventRounds "7"]
[EventCountry "FRA"]
[SourceTitle "EXT 2013"]
[Source "ChessBase"]
[SourceDate "2012.11.22"]
[SourceVersion "1"]
[SourceVersionDate "2012.11.22"]
[SourceQuality "1"]

1. e4 c5 2. d4 cxd4 3. Nf3 Nc6 4. Nxd4 g6 5. Nxc6 bxc6 6. Qf3 Bg7 7. Bc4 e6 8. 0-0 Qf6 9. Qxf6 Nxf6 10. Nd2 d5 11. exd5 cxd5 12. Bb5+ Bd7 13. Bxd7+ Nxd7 14. c3 0-0 15. Nf3 Ne5 16. Nxe5 Bxe5 17. f4 Bg7 18. Be3 f5 19. Rad1 Rab8 20. Rd2 Rb7 21. Bd4 Rfb8 22. b3 Bxd4+ 23. Rxd4 Rc7 24. Rc1 Rbc8 25. Rd3 a5 26. Kf2 Kf7 27. Ke3 Kf6 28. h4 Ke7 29. Kd2 Kf6 30. Re1 Rc6 31. Ree3 h5 32. Rd4 Rb8 33. Ra4 Rc5 34. Kd3 Rbb5 35. Kd4 Rc6 36. Rd3 Rcc5 37. Rd2 Ke7 38. Rb2 Kd6 39. a3 Kc6 40. Kd3 Kd6 41. Rd4 Kc6 42. b4 axb4 43. Rdxb4 Rxb4 44. axb4 Rb5 45. Kd4 Kd6 46. Ra2 Rb6 47. Ra5 Rc6 48. g3 Rc4+ 49. Kd3 Rc6 50. Ra7 Rc7 51. Rxc7 Kxc7 52. c4 Kc6 53. c5 Kb5 54. Kd4 Kc6 55. Ke5 Kb5 56. Kd4 Kc6 57. Kc3 Kb5 58. Kb3 d4 59. Kc2 Kc6 60. Kd2 Kd5 61. Kd3 Kc6 62. Kxd4 Kb5 1-0